| 000 | 00690nam a2200217 i 4500 | ||
|---|---|---|---|
| 001 | 125536 | ||
| 003 | ES-MaACL | ||
| 005 | 20230906192641.0 | ||
| 007 | t| | ||
| 008 | 070618s1994 fr ||||1| fre d | ||
| 020 | _a2-87823-041-8 | ||
| 080 | _a929 Thomas, Ambroise | ||
| 100 | 1 |
_aRogeboz-Malfroy, Elisabeth. _998923 |
|
| 245 | 1 | 0 |
_aAmbroise Thomas ou la tentation du lyrique / _cElisabeth Rogeboz-Malfroy. |
| 260 |
_aBesançon : _bCêtre, _c[1994] |
||
| 300 |
_a327 p. ; _c24 cm. |
||
| 500 | _3Biblioteca Jacinto Martínez Lacalle | ||
| 595 | _aBibliografía e índice: p. 303-324. | ||
| 600 | 1 | 4 |
_aThomas, Ambroise- _xBiografías. _9109995 |
| 852 |
_aES-MaACL _jE-11707 _bR.139769 |
||
| 999 |
_c125536 _d125536 |
||